Desarrollo de indicadores de desempeño para administración de mantenimiento
Guardat en:
| Autor principal: | |
|---|---|
| Format: | Llibre |
| Idioma: | espanyol |
| Publicat: |
Bogotá
Rojas Eberhard
2001
|
| Edició: | 1a. ed |
| Col·lecció: | Mantenimiento Industrial
|
| Matèries: | |
| Etiquetes: |
Afegir etiqueta
Sense etiquetes, Sigues el primer a etiquetar aquest registre!
|
MARC
| LEADER | 00000nam a2200000 a 4500 | ||
|---|---|---|---|
| 001 | UCL9860 | ||
| 003 | CL-VaPUC | ||
| 008 | 040827e20010000CK |||||||||||||||||spa|d | ||
| 020 | |a 9589121306 | ||
| 082 | 0 | 4 | |a 658.202 |b WIR |2 21 |
| 100 | 0 | |a Wireman, Terry |e author |9 487782 | |
| 245 | 1 | 0 | |a Desarrollo de indicadores de desempeño para administración de mantenimiento |
| 250 | |a 1a. ed | ||
| 300 | |a 231 p | ||
| 942 | |c BK | ||
| 945 | |d 20040827 00:00:00 |a cmena | ||
| 260 | |a Bogotá |b Rojas Eberhard |c 2001 | ||
| 650 | 0 | |a Maquinaria |9 260482 | |
| 650 | 7 | |a MANTENIMIENTO Y REPARACION |2 CL-VaPUC |9 260850 | |
| 583 | |a last modification |c 20040827 00:00:00 |k Rodrigo Vera | ||
| 490 | 0 | |a Mantenimiento Industrial | |
| 999 | |c 310500 |d 310498 | ||
| 952 | |0 0 |1 0 |4 0 |6 658_202000000000000_WIR_2001 |7 0 |8 A |9 379038 |a BIBING |b BIBING |d 2019-11-21 |i 4051378 |o 658.202 WIR 2001 |p 4051378 |r 2025-01-20 |w 2019-11-21 |y BK |k ING | ||